00382nam a2200133 a 450000500170000000800410001702000180005805000220007610000170009824500360011526000540015130000230020565000200022820140412111259.0010418s19uu xx 00 eng d a0-7214-7378-4 aM 823.8bS48 1998 aSewell, Anna aBlack beauty /cby Anna Sewell. aLeiscestershire, UK :bLadybird Bookd Ltd,c1998. a1 v. (unp.) ; ill. aHorsesxFiction